[Event "Agzamov Memorial 05th"]
[Site "Tashkent"]
[Date "2011.03.18"]
[Round "1"]
[White "Miraliev, Mirzayokub"]
[Black "Tseshkovsky, Vitaly"]
[Result "1/2-1/2"]
[WhiteElo "2104"]
[BlackElo "2493"]
[PlyCount "103"]
[EventDate "2011.03.18"]
[EventType "swiss"]
[EventRounds "9"]
[EventCountry "UZB"]
[SourceTitle "CBM 141 Extra"]
[Source "ChessBase"]
[SourceDate "2011.05.03"]
[SourceVersion "1"]
[SourceVersionDate "2011.05.03"]
[SourceQuality "1"]

1. e4 g6 2. d4 Bg7 3. Nc3 a6 4. Be3 b5 5. Qd2 Bb7 6. f3 d6 7. a4 c6 8. Bd3 Nd7 9. Nh3 Ngf6 10. Ne2 0-0 11. Bh6 e5 12. Bxg7 Kxg7 13. c3 d5 14. 0-0 dxe4 15. fxe4 c5 16. d5 c4 17. Bc2 h6 18. Ng3 Nh7 19. Kh1 Nc5 20. Qe3 Qd6 21. Nf2 h5 22. Qf3 h4 23. Ne2 bxa4 24. Nd1 Ng5 25. Qg4 f6 26. Ne3 Rh8 27. Nxc4 Qe7 28. Ng1 h3 29. Nxh3 Bc8 30. Qe2 Bxh3 31. gxh3 Rxh3 32. Rf2 Rh4 33. Nd2 Nh3 34. Rf3 Nf4 35. Qf2 Rah8 36. Nf1 Qd6 37. Bxa4 Nh3 38. Rxh3 Rxh3 39. Bc2 R3h4 40. Qg2 Qb6 41. b4 Nb7 42. c4 Qxb4 43. Rb1 Qe7 44. Rb6 Rc8 45. Ne3 Kf7 46. Re6 Qb4 47. Qg3 Rch8 48. Ng4 Rxg4 49. Qxg4 Qd2 50. Rxf6+ Kxf6 51. Qe6+ Kg7 52. Qe7+ 1/2-1/2